000 00708cab a2200265 4500
001 X1804
008 090401t1995 xxu||||| |||| 00| 0 eng d
035 _a(Sirsi) u19443
041 _aeng
245 _aGeneral council discusses a worldwide regional structure
260 _c1995
350 _a0
490 _aCSM (Chartered Surveyor Monthly)
_v4(3) January 1995, 8(1)
650 _aBRANCHES
650 _aCAREER STRUCTURE
650 _aDOMESDAY
650 _aGENERAL COUNCIL
650 _aINTERNATIONAL STRATEGY
650 _aMETRICATION
650 _aRICS
650 _aTECHNICIANS
690 _aMANAGEMENT-BUSINESS MANAGEMENT-PROFESSIONAL PRACTICE
942 _n0
948 _c04/03/1997
999 _c12979
_d12979